| Tag |
First Indicator |
Second Indicator |
Subfields |
| LEADER |
00000cam a2200000 4500 |
| 001 |
in00000236366 |
| 005 |
20151010050741.0 |
| 008 |
710818r19711763nyuf b 00100 eng |
| 010 |
|
|
|a 77130510
|
| 035 |
|
|
|a (OCoLC)00158537
|
| 035 |
|
|
|9 ABB1899AM
|
| 040 |
|
|
|a DLC
|c DLC
|d TXA
|d UtOrBLW
|
| 041 |
0 |
|
|a eng
|a lat
|
| 043 |
|
|
|a nw-----
|a nc-----
|
| 049 |
|
|
|a TXAM
|v 1 [921036]
|c 2 [921037]
|
| 050 |
0 |
0 |
|a QK225
|b .J33 1763a
|
| 082 |
0 |
|
|a 581.9/728
|
| 100 |
1 |
|
|a Jacquin, Nikolaus Joseph,
|c Freiherr von,
|d 1727-1817.
|
| 245 |
1 |
0 |
|a Selectarum stirpium Americanarum historia.
|
| 264 |
|
1 |
|a New York :
|b Hafner Pub. Co.,
|c 1971
|
| 264 |
|
4 |
|c [©1970]
|
| 300 |
|
|
|a 2 volumes :
|b plates. ;
|c 34 cm.
|
| 336 |
|
|
|a text
|b txt
|2 rdacontent
|
| 337 |
|
|
|a unmediated
|b n
|2 rdamedia
|
| 338 |
|
|
|a volume
|b nc
|2 rdacarrier
|
| 500 |
|
|
|a Facsim. of the 1763 edition, with a new introduction by F. A. Stafleu.
|
| 500 |
|
|
|a Original title page reads: Nicolai Josephi Jacquin Selectarum stirpium Americanarum historia, in qua ad Linnaeanum systema determinatae descriptaeque sistuntur plantae illae, quas in insulis Martinica, Jamaica, Domingo, alliisque, et in vicinae continentis parte, observavit rariores; adjectis iconibus in solo natali delineatis. Vindobonae, ex officina Krausiana, 1763.
|
| 504 |
|
|
|a Bibliography: p. F30-F32.
|
| 505 |
0 |
|
|a v. 1. Text.-- v. 2. Tabulae.
|
| 650 |
|
0 |
|a Botany
|z West Indies
|x Pictorial works.
|
| 650 |
|
0 |
|a Botany
|z Central America
|x Pictorial works.
|
| 999 |
|
|
|a MARS
|
| 999 |
f |
f |
|s 0359d2c3-2cdd-3159-b379-187aaaf49d03
|i 7c2caf87-83e5-3f7e-9011-bdc236fab507
|t 0
|
| 952 |
f |
f |
|p ric
|a Texas A&M University
|b Rellis Campus
|c Joint Library Facility
|d Remote Storage
|t 0
|e QK225 .J33 1763a
|h Library of Congress classification
|i unmediated -- volume
|k v.1
|m A14804882875
|
| 952 |
f |
f |
|p ric
|a Texas A&M University
|b Rellis Campus
|c Joint Library Facility
|d Remote Storage
|t 0
|e QK225 .J33 1763a
|h Library of Congress classification
|i unmediated -- volume
|k v.2
|m A14804882883
|
| 998 |
f |
f |
|a QK225 .J33 1763a
|s v.1-2
|t 0
|l Remote Storage
|